Les capitaines du Canadiens de Montréal - Statistiques

Statistiques générales
  • Ce quiz a été pris 148 fois
    113 depuis la dernière actualisation
  • Le résultat moyen est 13 sur 36
Statistiques - réponses
Hint Réponse % Correct
2018- 2022 Shea Weber
90%
1956-1960 Maurice «Rocket» Richard
86%
1971-1975 Henri Richard
81%
2015-2018 Max Pacioretty
80%
1999-2009 Saku Koivu
79%
1961-1971 Jean Béliveau
76%
2022 - Aujourd'hui Nick Suzuki
74%
2010-2014 Brian Gionta
67%
1989-1990 Guy Carbonneau
65%
1990-1994 Guy Carbonneau
65%
1996-1999 Vincent Damphousse
55%
1975-1979 Yvan Cournoyer
48%
1981-1989 Bob Gainey
43%
1979-1981 Serge Savard
41%
1989-1990 Chris Chelios
37%
1940-1948 Hector «Toe» Blake
34%
1948-1956 Émile «Butch» Bouchard
31%
1995-1996 Pierre Turgeon
31%
1994-1995 Kirk Muller
26%
1995 Mike Keane
21%
1960-1961 Doug Harvey
15%
1910-1911 Édouard «Newsy» Lalonde
15%
1912-1913 Édouard «Newsy» Lalonde
15%
1916-1922 Édouard «Newsy» Lalonde
15%
1909-1910 John Laviolette
15%
1911-1912 John Laviolette
15%
1948 Bill Durnan
8%
1926-1932 Sylvio Mantha
8%
1933-1936 Sylvio Mantha
8%
1925-1926 Billy Coutu
6%
1922-1925 Sprague Cleghorn
6%
1936-1939 Albert «Babe» Siebert
5%
1932-1933 George Hainsworth
5%
1915-1916 Howard McNamara
5%
1913-1915 James Henry «Jimmy» Gardner
5%
1939-1940 Walter Buswell
5%
Aucun quiz correspondant
Distribution des résultats
% des personnes avec chaque résultat
Percentile par nombre de réponses
Votre historique - résultats
Vous n’avez pas pris ce quiz depuis la dernière actualisation